000 00842nam0a22002411 4500
001 rc\2613580
005 20250623135553.0
035 _a(NLR Aleph) 006777396
090 _a6008227
_c6008227
100 _a20110914d1930 |||y0rusy50 ca
101 0 _arus
102 _aRU
105 _ay z |||||
200 1 _aЗа социалистическую перестройку деревни
_eПамятка для работников сельсоветов
_fС. З. Радьков
210 _aМосква
_aСвердловск
_cСельхозгиз
_d1930
_eСвердловск
_gУралполиграф, тип. "Гранит"
215 _a80 с.
_d17х12 см.
700 1 _aРадьков
_bС.З.
801 0 _aRU
_bNLR
_gpsbo
801 1 _aRU
_bELAR
_2rusmarc
852 _aNLR
_j30.8/2729
942 _cBOOK
980 _aNB